| 000 | | | 05404cbm0a2200337#x 450 |
| 001 | | | a371e1ff-4569-4b1d-bdbe-43c903bc9fd8 |
| 005 | | | 20240819134936.0 |
| 100 | ## | $a | 20240813j19430111k###0rusy50 ca |
| 101 | 0# | $a | rus |
| 102 | ## | $a | RU |
| 105 | ## | $a | y###z######## |
| 122 | 0# | $a | d19430111## |
| 200 | 1# | $a | Постановление ГКО СССР № 2734 о назначении Мельникова С. И. членом Военного совета 3-й танковой армии, с приложением докладной записки Щербакова А. С. Сталину И. В. и справки-объективки |
| | $j | 11 января 1943 г. |
| 251 | ## | $c | Документ |
| 300 | ## | $a | Рассылочный и подлинный экземпляры |
| 461 | #0 | $1 | 2001 |
| | $a | Ф. 644 |
| | $1 | 251 |
| | $c | Фонд |
| | $1 | 852 |
| | $j | 644 |
| 462 | #0 | $1 | 2001 |
| | $a | Оп. 1 |
| | $1 | 251 |
| | $c | Опись |
| | $1 | 852 |
| | $j | 1 |
| 600 | #1 | $2 | nlr_sh1 |
| | $3 | RU\NLR\AUTH\66184652 |
| | $a | Мельников |
| | $g | Семен Иванович |
| | $b | С. И. |
| | $j | Документы и материалы |
| 601 | 01 | $2 | nlr_sh |
| | $3 | RU\NLR\AUTH\661357733 |
| | $a | СССР |
| | $b | Государственный Комитет Обороны |
| | $x | История |
| | $j | Документы и материалы |
| 601 | 01 | $2 | prlib_sh |
| | $3 | LIBNET\UAF\0000062402 |
| | $a | СССР |
| | $b | Вооруженные силы |
| | $x | История |
| | $z | 1941 - 1945 |
| | $j | Документы и материалы |
| 601 | 01 | $2 | nlr_sh1 |
| | $3 | RU\NLR\AUTH\66358764 |
| | $a | Гвардейская танковая армия |
| | $c | 3 |
| | $x | История |
| | $j | Документы и материалы |
| 605 | ## | $2 | prlib_sh |
| | $3 | LIBNET\UAF\0000088514 |
| | $a | Вторая мировая война в архивных документах (Комплекс оцифрованных архивных документов, кино- и фотоматериалов) |
| | $l | коллекция |
| 605 | ## | $2 | acquisition_Prlib |
| | $3 | DITM\AF\0000002775 |
| | $a | Власть |
| | $l | коллекция |
| 686 | ## | $a | 63.3(2)622-3ю11 |
| | $v | LBC/M |
| | $2 | rubbk |
| 686 | ## | $a | 63.3(2)622,12ю1 |
| | $2 | rubbk |
| | $v | LBC/M |
| 686 | ## | $a | 68.4(2)ю1 |
| | $2 | rubbk |
| | $v | LBC/M |
| 801 | #0 | $a | RU |
| | $b | ПБ им. Б.Н. Ельцина |
| | $c | 20240813 |
| 801 | #1 | $a | RU |
| | $b | ПБ им. Б.Н. Ельцина |
| | $c | 20240813 |
| | $2 | rusmarc |
| 801 | #2 | $a | RU |
| | $b | ПБ им. Б.Н. Ельцина |
| | $c | 20240819 |
| | $2 | rusmarc |
| 850 | ## | $a | Российский государственный архив социально-политической истории |
| 852 | ## | $a | РГАСПИ |
| | $j | Д. 81. Л. 115; Оп. 2. Д. 125. Л. 110-113 |
| 035 | ## | $a | LIBNET\0001416170 |
| 937 | ## | $d | 193520443 |
| | $h | Федеральное архивное агентство |
| 856 | 4# | $u | http://readingroom.main.prlib.ru/item.aspx?id_node=n193520443&mode=full |